Catalog

Record Details

Catalog Search



Das Alte Testament als Teil des christlichen Kanons? : Studien zu gesamtbiblischen Theologien der Gegenwart Cover Image Book Book

Das Alte Testament als Teil des christlichen Kanons? : Studien zu gesamtbiblischen Theologien der Gegenwart Manfred Oeming

Oeming, Manfred (Author).

Record details

  • ISBN: 3-907576-45-4
  • Physical Description: 304 S.
  • Publisher: Zürich Pano Verlag 2001

Available copies

  • 1 of 1 copy available at Common Catalog SPOK.

Holds

  • 0 current holds with 1 total copy.
Show Only Available Copies
Location Call Number / Copy Notes Barcode Shelving Location Status Due Date
ETS Library 230.0411 424470010354 Volný výběr Available -

LDR 00779nam a2 00241
00135884
003CZ-PrJAB
00520040305000000.0
008021023s2001 xr e |||| |ger
009ge
020 . ‡a3-907576-45-4
035 . ‡a(CONS)153
035 . ‡aKPS11119
040 . ‡aABG450
041 . ‡ager
08214. ‡a230.0411
100 . ‡75206 ‡aOeming, Manfred
245 . ‡aDas Alte Testament als Teil des christlichen Kanons? : ‡bStudien zu gesamtbiblischen Theologien der Gegenwart ‡cManfred Oeming
260 . ‡aZürich ‡bPano Verlag ‡c2001
300 . ‡a304 S.
653 . ‡aDas Alte Testament als Teil des christlichen Kanons? Studien zu gesamtbiblischen Theologien der Gegenwart
8524 . ‡bETS ‡bETS ‡cVolný výběr ‡j230.0411 ‡gE ‡p424470010354
910 . ‡aABG450
999 . ‡a153 ‡bAUTOGEN ‡c153 ‡tbiblio
905 . ‡uadmin
901 . ‡a35884 ‡b ‡c35884 ‡tbiblio ‡sets

Additional Resources